<?xml version='1.0' encoding='UTF-8'?>
  <record xmlns="http://www.loc.gov/MARC21/slim">
    <leader>00000cam a2200000 a 4500</leader>
    <controlfield tag="001">ocm48258004</controlfield>
    <controlfield tag="003">OCoLC</controlfield>
    <controlfield tag="005">20240202180208.2</controlfield>
    <controlfield tag="008">011102s1893    ne       b    000 0 dut d</controlfield>
    <datafield tag="040" ind1=" " ind2=" ">
      <subfield code="a">DAY</subfield>
      <subfield code="b">eng</subfield>
      <subfield code="c">DAY</subfield>
      <subfield code="d">OCLCQ</subfield>
      <subfield code="d">OCLCG</subfield>
      <subfield code="d">OCLCQ</subfield>
      <subfield code="d">OCLCO</subfield>
      <subfield code="d">OCLCF</subfield>
      <subfield code="d">OCLCO</subfield>
      <subfield code="d">OCLCQ</subfield>
      <subfield code="d">OCLCL</subfield>
    </datafield>
    <datafield tag="029" ind1="1" ind2=" ">
      <subfield code="a">NLGGC</subfield>
      <subfield code="b">111379172</subfield>
    </datafield>
    <datafield tag="035" ind1=" " ind2=" ">
      <subfield code="a">(OCoLC)48258004</subfield>
    </datafield>
    <datafield tag="043" ind1=" " ind2=" ">
      <subfield code="a">e-ne---</subfield>
    </datafield>
    <datafield tag="050" ind1=" " ind2="4">
      <subfield code="a">BT654.T54</subfield>
      <subfield code="b">M34 1893</subfield>
    </datafield>
    <datafield tag="100" ind1="1" ind2=" ">
      <subfield code="a">Maessen, J. B. H.</subfield>
    </datafield>
    <datafield tag="245" ind1="1" ind2="0">
      <subfield code="a">Pelgrimsboekje van Tienray :</subfield>
      <subfield code="b">klein Lourdes in Limburg /</subfield>
      <subfield code="c">door J.B.H. Maessen en A. van Soest.</subfield>
    </datafield>
    <datafield tag="250" ind1=" " ind2=" ">
      <subfield code="a">4. druk.</subfield>
    </datafield>
    <datafield tag="260" ind1=" " ind2=" ">
      <subfield code="a">Roermond :</subfield>
      <subfield code="b">J.J. Romen,</subfield>
      <subfield code="c">1893.</subfield>
    </datafield>
    <datafield tag="300" ind1=" " ind2=" ">
      <subfield code="a">237 pages ;</subfield>
      <subfield code="c">15 cm</subfield>
    </datafield>
    <datafield tag="336" ind1=" " ind2=" ">
      <subfield code="a">text</subfield>
      <subfield code="b">txt</subfield>
      <subfield code="2">rdacontent</subfield>
    </datafield>
    <datafield tag="337" ind1=" " ind2=" ">
      <subfield code="a">unmediated</subfield>
      <subfield code="b">n</subfield>
      <subfield code="2">rdamedia</subfield>
    </datafield>
    <datafield tag="338" ind1=" " ind2=" ">
      <subfield code="a">volume</subfield>
      <subfield code="b">nc</subfield>
      <subfield code="2">rdacarrier</subfield>
    </datafield>
    <datafield tag="504" ind1=" " ind2=" ">
      <subfield code="a">Includes bibliographical references.</subfield>
    </datafield>
    <datafield tag="600" ind1="0" ind2="0">
      <subfield code="a">Mary,</subfield>
      <subfield code="c">Blessed Virgin, Saint</subfield>
      <subfield code="x">Devotion to</subfield>
      <subfield code="z">Netherlands</subfield>
      <subfield code="z">Tienray.</subfield>
    </datafield>
    <datafield tag="600" ind1="0" ind2="0">
      <subfield code="a">Mary,</subfield>
      <subfield code="c">Blessed Virgin, Saint</subfield>
      <subfield code="x">Shrines</subfield>
      <subfield code="z">Netherlands</subfield>
      <subfield code="z">Tienray.</subfield>
    </datafield>
    <datafield tag="650" ind1=" " ind2="0">
      <subfield code="a">Lourdes, Our Lady of.</subfield>
    </datafield>
    <datafield tag="650" ind1=" " ind2="0">
      <subfield code="a">Christian pilgrims and pilgrimages</subfield>
      <subfield code="z">Netherlands</subfield>
      <subfield code="z">Tienray.</subfield>
    </datafield>
    <datafield tag="650" ind1=" " ind2="6">
      <subfield code="a">Notre-Dame de Lourdes.</subfield>
    </datafield>
    <datafield tag="600" ind1="0" ind2="7">
      <subfield code="a">Mary,</subfield>
      <subfield code="c">Blessed Virgin, Saint.</subfield>
      <subfield code="2">fast</subfield>
      <subfield code="0">(OCoLC)fst00068107</subfield>
      <subfield code="1">https://id.oclc.org/worldcat/entity/E39PBJtCCCTHxr9MfTpHkP3fbd</subfield>
    </datafield>
    <datafield tag="650" ind1=" " ind2="7">
      <subfield code="a">Christian pilgrims and pilgrimages.</subfield>
      <subfield code="2">fast</subfield>
      <subfield code="0">(OCoLC)fst00859365</subfield>
    </datafield>
    <datafield tag="650" ind1=" " ind2="7">
      <subfield code="a">Devotion.</subfield>
      <subfield code="2">fast</subfield>
      <subfield code="0">(OCoLC)fst00892007</subfield>
    </datafield>
    <datafield tag="650" ind1=" " ind2="7">
      <subfield code="a">Lourdes, Our Lady of.</subfield>
      <subfield code="2">fast</subfield>
      <subfield code="0">(OCoLC)fst01002762</subfield>
    </datafield>
    <datafield tag="650" ind1=" " ind2="7">
      <subfield code="a">Shrines.</subfield>
      <subfield code="2">fast</subfield>
      <subfield code="0">(OCoLC)fst01117849</subfield>
    </datafield>
    <datafield tag="700" ind1="1" ind2=" ">
      <subfield code="a">Soest, A. van.</subfield>
    </datafield>
    <datafield tag="758" ind1=" " ind2=" ">
      <subfield code="i">has work:</subfield>
      <subfield code="a">Pelgrimsboekje van Tienray (Klein Lourdes) in Limburg (Text)</subfield>
      <subfield code="1">https://id.oclc.org/worldcat/entity/E39PCY8GGpHR3QJpQBRrv3J4FX</subfield>
      <subfield code="4">https://id.oclc.org/worldcat/ontology/hasWork</subfield>
    </datafield>
  </record>